Stranieri Serie A - Statistics

Statistiche generali
  • Questo quiz è stato fatto 807 volte
    803 dall'ultimo reset
  • Il punteggio medio è 32 su 53
Statistiche sulle risposte
Nazione Numero Quota % Corretto
Brasile 34 11,4%
97%
Francia 16 5,3%
97%
Argentina 28 9,4%
96%
Spagna 11 3,7%
94%
Germania 5 1,7%
93%
Portogallo 10 3,3%
89%
Paesi Bassi 8 2,7%
81%
Svezia 7 2,3%
80%
Belgio 9 3%
79%
Croazia 14 4,7%
78%
Svizzera 7 2,3%
77%
Polonia 12 4%
76%
Serbia 12 4%
76%
Slovenia 6 2%
76%
Colombia 7 2,3%
75%
Grecia 3 1%
74%
Marocco 5 1,7%
74%
Norvegia 1 0,3%
73%
Giappone 1 0,3%
72%
Cile 2 0,7%
70%
Albania 6 2%
68%
Romania 6 2%
68%
Slovacchia 3 1%
68%
Uruguay 15 5%
68%
Messico 1 0,3%
67%
Algeria 4 1,3%
63%
Danimarca 3 1%
63%
Senegal 7 2,3%
62%
Turchia 2 0,7%
61%
Bosnia-Erzegovina 7 2,3%
60%
Finlandia 2 0,7%
57%
Repubblica Ceca 6 2%
55%
Bulgaria 3 1%
54%
Ungheria 1 0,3%
54%
Ghana 8 2,7%
53%
Nigeria 6 2%
53%
Montenegro 1 0,3%
51%
Macedonia 1 0,3%
50%
Camerun 1 0,3%
49%
Australia 1 0,3%
48%
Venezuela 2 0,7%
48%
Costa d'Avorio 3 1%
46%
Paraguay 2 0,7%
46%
Ecuador 1 0,3%
43%
Islanda 1 0,3%
37%
Moldavia 1 0,3%
29%
Corea del Sud 1 0,3%
28%
Mali 1 0,3%
24%
Iraq 1 0,3%
19%
Costarica 1 0,3%
16%
Angola 1 0,3%
14%
Guinea 1 0,3%
13%
Liechtenstein 1 0,3%
5%
Nessun quiz corrispondente trovato
Distribuzione punteggi
Percentuale di utenti per punteggio
Percentile per numero di risposta
I tuoi punteggi nel tempo
Non hai fatto questo quiz dall'ultimo reset